| 000 | 00553cam a22001931 4500 | ||
|---|---|---|---|
| 001 | ne 64003302 | ||
| 003 | DLC | ||
| 005 | 20260227111808.0 | ||
| 008 | 800520s1964 ua 000 0 egyr | ||
| 010 | _ane 64003302 | ||
| 035 | _a(OCoLC)6339102 | ||
| 040 |
_aDLC _cMnM _dDLC |
||
| 050 | 0 | 0 |
_aBP166 _b.S25 |
| 100 | 1 | _aSābiq, al-Sayyid. | |
| 245 | 1 | 4 |
_aal-ʻAqāʼid al-Islāmīyah, _cby al-Sayyid Sābiq. |
| 260 |
_aCairo, _b[Dār al-Kitāb al-ʻArabiya bimiṣr Printing Press], _c1964. |
||
| 300 |
_a7, 318 p. _c24 cm. |
||
| 650 | 0 |
_aIslam _xDoctrines. |
|
| 999 |
_c47688 _d47688 |
||